• 首页
  • 本馆介绍
  • 公告通知
  • 最新文献
  • 馆藏检索
  • 电子资源
  • 读者导购
  • 参考咨询
  • 我的图书馆
  • 登录
  • 详细信息显示
  • 放入我的书架
  • 预约/预借图书
  • 作者相关作品
  • 分类相关作品
  • 丛书相关作品
  • 出版社相关作品

书目信息

  • 表格格式
  • 工作单格式
  • 卡片格式
题名:
化工基础实验
    
 
作者: 张金利 , 郭翠梨 主编
分册:  
出版信息: 北京   化学工业出版社  2006
页数: 236页
开本: 26cm
丛书名:
单 册:
中图分类: TQ016
科图分类:
主题词: 化学工程--化学实验--高等学校--教材 , 化学工程 , 化学实验
电子资源:
ISBN: 7-5025-7821-8
000 00995nam0 2200289 450
001 012007458130
005 20070618103110.70
010    @a7-5025-7821-8@dCNY32.00
100    @a20070427d2006 km y0chiy0120 ea
101 0  @achi
102    @aCN@b110000
105    @ay z 000yy
106    @ar
200 1  @a化工基础实验@Ahua gong ji chu shi yan@f张金利,郭翠梨主编@Fzhang jin li,guo cui li zhu bian
205    @a2版
210    @a北京@c化学工业出版社@d2006
215    @a236页@d26cm
300    @a普通高等教育“十一五”国家级规划教材,面向21世纪课程教材
330    @a本书重点介绍科学安排实验和定量评价实验的方法,掌握和运用传统和现代的实验方法和测试技术及技巧,实验的共性和疑难问题的处理方法及通用的实验流程等。
606 0  @a化学工程@x化学实验@x高等学校@j教材
606 0  @a化学工程
606 0  @a化学实验
690    @aTQ016@v4
701  0 @a张金利@Azhang jin li@4主编
701  0 @a郭翠梨@Aguo cui li@c(女,@f1964.1~)@4主编
801  0 @aCN@bRULIN@c20070618
905    @dTQ016@e109=2@s8
    
    化工基础实验/张金利,郭翠梨主编.-2版.-北京:化学工业出版社,2006
    236页;26cm
    普通高等教育“十一五”国家级规划教材,面向21世纪课程教材
    
    ISBN 7-5025-7821-8:CNY32.00
    本书重点介绍科学安排实验和定量评价实验的方法,掌握和运用传统和现代的实验方法和测试技术及技巧,实验的共性和疑难问题的处理方法及通用的实验流程等。
●
相关链接 在E读中查询图书 在五车中查询图书 在当当中查询图书 在豆瓣中查询图书


正题名:化工基础实验     索取号:TQ016/109=2         预约/预借

序号 登录号 条形码 馆藏地/架位号 状态 备注
1 0575221   205752210   第二样本阅览室/ [索取号:TQ016/109=2] 在馆    
2 0575222   205752229   第三借阅区/ [索取号:TQ016/109=2] 在馆    
3 0575223   205752238   密集书库/ [索取号:TQ016/109=2] 在馆    
4 0575224   205752247   密集书库/ [索取号:TQ016/109=2] 在馆    
5 0575225   205752256   第三借阅区/ [索取号:TQ016/109=2] 在馆    
6 0575226   205752265   密集书库/ [索取号:TQ016/109=2] 在馆    
7 0575227   205752274   第三借阅区/ [索取号:TQ016/109=2] 在馆    
8 0575228   205752283   第三借阅区/ [索取号:TQ016/109=2] 在馆    
唐山师范学院图书馆 欢迎您!
大连网信软件有限公司© 版权所有